Zimmermanns Zitatenlexikon für Juristen

Guardado en:  
Detalles Bibliográficos
Tipo de documento: Print Libro
Lenguaje:Alemán
Publicado: Köln O. Schmidt 1998
En:Año: 1998
Verificar disponibilidad: HBZ Gateway
Servicio de pedido Subito: Pedir ahora.
Palabras clave:

MARC

LEADER 00000cam a2200000 c 4500
001 248723995
003 DE-627
005 20250121010052.0
007 tu
008 980911s1998 gw ||||| 00| ||ger c
015 |a 98,A39,0845  |2 dnb 
016 7 |a 954383907  |2 DE-101 
020 |a 3504018097  |c  : DM 49.00 (Pp.)  |9 3-504-01809-7 
035 |a (DE-627)248723995 
035 |a (DE-576)067240232 
035 |a (DE-599)DNB954383907 
035 |a (OCoLC)246117506 
035 |a (OCoLC)49030575 
040 |a DE-627  |b ger  |c DE-627  |e rakwb 
041 |a ger 
044 |c XA-DE 
084 |a 19  |2 sdnb 
084 |a PC 5350  |2 rvk  |0 (DE-625)rvk/135093: 
084 |a PC 2500  |2 rvk  |0 (DE-625)rvk/135055: 
100 1 |8 1\p  |a Zimmermann, Dorothea  |e Hrsg.  |0 (DE-588)120420198  |0 (DE-627)696658666  |0 (DE-576)292209436  |4 edt 
109 |a Zimmermann, Dorothea 
245 1 0 |a Zimmermanns Zitatenlexikon für Juristen  |c ges. und lexikalisch aufbereitet von Dorothea Zimmermann 
246 3 3 |a Zitatenlexikon für Juristen 
264 1 |a Köln  |b O. Schmidt  |c 1998 
300 |a 320 S.  |c 22 cm 
336 |a Text  |b txt  |2 rdacontent 
337 |a ohne Hilfsmittel zu benutzen  |b n  |2 rdamedia 
338 |a Band  |b nc  |2 rdacarrier 
505 8 |a Literaturverz. S. 313 - 320 
583 1 |a Archivierung prüfen  |c 20240324  |f DE-4165  |z 1  |2 pdager 
655 7 |a Zitatensammlung  |0 (DE-588)4117724-1  |0 (DE-627)105797022  |0 (DE-576)209512350  |2 gnd-content 
689 0 0 |d s  |0 (DE-588)4048737-4  |0 (DE-627)106189719  |0 (DE-576)20907907X  |a Recht  |2 gnd 
689 0 |5 DE-101 
689 1 0 |d s  |0 (DE-588)4048737-4  |0 (DE-627)106189719  |0 (DE-576)20907907X  |a Recht  |2 gnd 
689 1 |5 (DE-627) 
689 2 0 |d s  |0 (DE-588)4048737-4  |0 (DE-627)106189719  |0 (DE-576)20907907X  |a Recht  |2 gnd 
689 2 |5 (DE-627) 
883 |8 1\p  |a cgwrk  |d 20241001  |q DE-101  |u https://d-nb.info/provenance/plan#cgwrk 
889 |w (DE-627)239547985 
935 |i mdedup 
935 |i Blocktest 
936 r v |a PC 5350  |b Rechtswissenschaft aus der Sicht von Kunst, Dichtung, Humor usw.  |k Rechtswissenschaft  |k Allgemeines zum juristischen Studium und zur Rechtswissenschaft  |k Rechtswissenschaft aus der Sicht von Kunst, Dichtung, Humor usw.  |0 (DE-627)1270920189  |0 (DE-625)rvk/135093:  |0 (DE-576)200920189 
936 r v |a PC 2500  |b Deutsch  |k Rechtswissenschaft  |k Allgemeines zum juristischen Studium und zur Rechtswissenschaft  |k Nachschlagewerke und allgemeine Rechtsprechungssammlung  |k Fachlexika und Fachwörterbücher  |k Deutsch  |0 (DE-627)1379356792  |0 (DE-625)rvk/135055:  |0 (DE-576)309356792 
951 |a BO 
ELC |b 1 
LOK |0 000 xxxxxcx a22 zn 4500 
LOK |0 001 3259282963 
LOK |0 003 DE-627 
LOK |0 004 248723995 
LOK |0 005 20151116135644 
LOK |0 008 150728||||||||||||||||ger||||||| 
LOK |0 035   |a (DE-21-110)kd118800 
LOK |0 040   |a DE-21-110  |c DE-627  |d DE-21-110 
LOK |0 689   |a s  |a Rechtsweisheiten 
LOK |0 689   |a s  |a Rechtssprichwörter 
LOK |0 852   |z Kein Bestand am IfK; Nachweis für KrimDok 
LOK |0 852   |a DE-21-110 
LOK |0 852 1  |9 00 
LOK |0 935   |a k110 
LOK |0 939   |a 28-07-15  |b l01 
ORI |a SA-MARC-krimdoka001.raw